El Greco's Paintings /

保存先:
書誌詳細
第一著者: El Greco (autor)
その他の著者: Goldscheider, Ludwig (texto) (texto)
フォーマット: 図書
言語:German
出版事項: Londres, Inglaterra : George Allen and Unwin, 1938, c1938
主題:
タグ: タグ追加
タグなし, このレコードへの初めてのタグを付けませんか!

MARC

LEADER 00000nam^a2200000^a^4500
001 000184848
005 20250526000000.0
009 20260310102130.342
037 |a Acervo ITESO - Biblioteca 
041 |a ALE 
082 |a 759. 6  |b GRE GOL 
100 |a El Greco  |e (autor) 
240 1 1 |a [El Greco's Paintings] 
245 1 0 |a El Greco's Paintings /  |c El Greco ; texto de L. Goldscheider. 
264 4 |a Londres, Inglaterra :  |b George Allen and Unwin,  |c 1938, c1938 
300 |a 34, 244 p. ;  |c 29.5 cm. 
336 |a texto  |b txt  |2 rdacontenido 
337 |a sin mediación  |b n  |2 rdamedio 
338 |a volumen  |b nc  |2 rdasoporte 
545 0 |a El Greco (1541-1614) es el nombre con que es conocido el pintor español de origen griego, Doménikos Theotokópoulos. Sus figuras alargadas y su método de composición donde toda la acción se desarrolla en el plano frontal, caracteriza su estética manierista y lo diferencia claramente del resto de los pintores renacentistas. Profundamente vinculado a Toledo, la capital intelectual del reino de Felipe II. 
649 |a XX 
650 |a Pintores Españoles 
650 |a Artistas Españoles 
650 |a Pintura Manierista -  |x Historia y Crítica 
650 |a Pintura Renacentista -  |x Historia y Crítica 
650 |a Pintura Española -  |x Historia y Crítica 
650 |a Arte Manierista -  |x Historia y Crítica 
650 |a Arte Renacentista -  |x Historia y Crítica 
650 |a Arte Español -  |x Historia y Crítica 
650 |a El Greco -  |x Tema Principal 
700 |a Goldscheider, Ludwig  |e (texto) 
910 |a Fondo Julio de la Peña Lomelín 
920 |a Impresos - Libros 
930 |a Libros Antiguos y Raros 
940 |a Arquitectos Jaliscienses 
905 |a 108 
901 |a 0500125826  |b IT2  |c LRA  |u 20250526 
902 |a https://opac.biblio.iteso.mx/vufind/Record/000184848